=LDR 00000nam 2200000 4500 =001 001068 =005 20250713091636 =035 ##$$a 0010-0725000949 =007 ta =008 250713################a##########0#ind## =020 ##$$a 978-623-472-108-9 =082 ##$$a 398.209 598 =084 ##$$a 398.209 598 PHO a =100 #$$a Phommaxay, Fongsamay =245 1#$$a Aku Sayang Ibuku /$c Fongsamay Phommaxay =250 ##$$a Cetakan Pertama =260 ##$$a Jakarta Timur :$b Badan Pengembangan dan Pembinaan Bahasa,$c 2022 =300 ##$$a 20 hlm : $b ilus. ; $c 22,9 cm =650 #4$$a Literasi-Bahan Bacaan =600 #4$$a Cerita anak Indonesia - Terjemahan =856 ##$$a TBM AS SUHADA =990 ##$$a TBM202400985